| 000 | 01095nmc a2200397 a 4500 | ||
|---|---|---|---|
| 003 | AR-BaBNM | ||
| 005 | 20251128204319.0 | ||
| 008 | 011101s1993 ||||||||||||||000 | spa|| | ||
| 020 | _a950-755-084-4 | ||
| 040 | _cAR-BaBNM | ||
| 100 | 1 | _aSurdí, Ana María | |
| 245 | 1 | 0 | _aPsicogénesis del conocimiento |
| 260 |
_aBuenos Aires _bBraga _c1993 |
||
| 300 | 0 |
_a117 p. _btablas, il. |
|
| 490 | 0 |
_aDidáctica operativa _vv. 27 |
|
| 504 | _aContiene bibliografía | ||
| 600 | 1 | 4 | _aPiaget, Jean |
| 600 | 1 | 4 |
_aVigotsky, Liev Semiónovich _d1896-1934 |
| 600 | 1 | 4 | _aTeberosky, Ana |
| 650 | 4 | _aPSICOLOGIA DE LA EDUCACION | |
| 650 | 4 | _aPSICOLOGIA DEL NINO | |
| 650 | 4 | _aPSICOLOGIA APLICADA | |
| 650 | 4 | _aAPRENDIZAJE | |
| 650 | 4 | _aEDUCABILIDAD | |
| 650 | 4 | _aEDUCACION | |
| 650 | 4 | _aORIENTACION PEDAGOGICA | |
| 650 | 4 | _aPSICOLOGIA DEL DESARROLLO | |
| 650 | 4 | _aMEDICION EDUCACIONAL | |
| 650 | 4 | _aDESARROLLO MOTOR | |
| 650 | 4 | _aDESARROLLO MENTAL | |
| 650 | 4 | _aPSICOMETRIA | |
| 650 | 4 | _aTEORIA | |
| 800 | 1 |
_aPérez Alvarez, Sergio _edirector |
|
| 942 | _cBK | ||
| 998 | _cEnrique | ||
| 999 |
_c6989 _d6989 |
||